Tennis - Gilles Simon - Statistiques

Statistiques générales
  • Ce quiz a été pris 106 fois
    105 depuis la dernière actualisation
  • Le résultat moyen est 16 sur 22
Statistiques - réponses
Hint Réponse % Correct
Pays France
100%
Nombre de victoires face à une numéro au classement ATP 2
98%
Meilleur classement 6
96%
Passage pro 2002
94%
Année de naissance 1984
93%
Année où il l'a atteint 2009
92%
Nombre de titre 14
91%
Année de qualification au Masters 2008
90%
Année de retraite 2022
88%
Meilleur résultat en Grand Chelem quart de finale
88%
Résultat demi finale
83%
Nombre d'années consécutives dans le top 100 16
81%
Lieu (2 possibilités) Open d'Australie, Wimbledon
80%
Noms de ceux-ci (au moins un) Tsonga, Gasquet, Monfils
80%
Surnom donné à Simon et à trois autres tennismen français Neo-mousquetaires
74%
Coupe Davis 2017
70%
Titre le plus important (année) 2011
66%
Meilleur résultat au Jeux Olympiques huitième de finale
52%
Dernier adversaire Félix Auger-Aliassime
43%
Dernier adversaire vaincu Taylor Fritz
37%
Titre le plus important (ville) Hambourg
19%
Titre le plus important Metz
12%
Aucun quiz correspondant
Distribution des résultats
% des personnes avec chaque résultat
Percentile par nombre de réponses
Votre historique - résultats
Vous n’avez pas pris ce quiz depuis la dernière actualisation